=LDR 00000nam 2200000 4500 =001 INLIS000000000031404 =005 20130612133458 =008 ***********************************Ind** =035 ##$$0010-061300000031404 =041 ##$$a Ind =082 ##$$a 500.5 =090 ##$$a 500.5, Cas i =100 ##$$a Casyono, Bayong =245 ##$$a Ilmu kebumian dan antariksa, Bayong Casyono =260 ##$$a 2006 $b Jakarta =300 ##$$a ix, 232 hlm, 25 cm =650 ##$$a Ilmu Antariksa =850 ##$$a NBPNMAT =990 ##$$a 92853/BPAP-NTB/2014 =990 ##$$a 92855/BPAP-NTB/2014 =990 ##$$a 93812/BPAP-NTB/2014 =990 ##$$a 0001/BPAP-NTB/20142014